| 000 | 00700cab a2200241 4500 | ||
|---|---|---|---|
| 001 | WB3314-55 | ||
| 008 | 090401t1997 xxu||||| |||| 00| 0 eng d | ||
| 035 | _a(Sirsi) u77583 | ||
| 041 | _aeng | ||
| 245 | _aReview of tied pub deals | ||
| 260 | _c1997 | ||
| 350 | _a0 | ||
| 490 |
_aFinancial Times _v3 April 1997, 14(1) |
||
| 520 | _aA Labour government would ask the Office of Fair Trading to review the right of brewers and pub owners to tie tenants to beer supply agreements. | ||
| 650 | _aBREWERS | ||
| 650 | _aLABOUR GOVERNMENT | ||
| 650 | _aOFT | ||
| 650 | _aPUBS | ||
| 650 | _aTIED PUBS | ||
| 690 | _aLANDLORD AND TENANT-BUSINESS TENANCIES | ||
| 942 | _n0 | ||
| 948 | _c04/04/1997 | ||
| 999 |
_c48773 _d48773 |
||